[Event "XXXIV Memorial Edoardo Crespi Magistrale"]
[Site "Milano ITA"]
[Date "2013.12.01"]
[Round "2"]
[White "Sardo, Gabriele"]
[Black "Andreoni, Giuseppe"]
[WhiteElo "2198"]
[BlackElo "2082"]
[Result "0-1"]
[PlyCount "80"]
[EventDate "2013.11.30"]

1. d4 Nf6 2. c4 g6 3. Nc3 d5 4. Nf3 Bg7 5. cxd5 Nxd5 6. e4 Nxc3 7. bxc3 O-O 8.
Be2 c5 9. Rb1 Nc6 10. d5 Ne5 11. Nxe5 Bxe5 12. Qd2 e6 13. f4 Bc7 14. O-O exd5
15. exd5 Ba5 16. Rb5 a6 17. Rxa5 Qxa5 18. f5 c4 19. Qd4 Bxf5 20. Bh6 f6 21. g4
Bd3 22. Bxd3 cxd3 23. c4 Rf7 24. Qxd3 Re8 25. Qd4 g5 26. d6 Qe5 27. Qxe5 Rxe5
28. d7 Rxd7 29. Rxf6 Re1+ 30. Kf2 Re8 31. Rb6 Rf7+ 32. Kg3 Re3+ 33. Kg2 Re4 34.
Kg3 Rxc4 35. Bxg5 Rc3+ 36. Kh4 Rf2 37. h3 Rff3 38. Bf6 Rxh3+ 39. Kg5 Rc5+ 40.
Kf4 Rc6 0-1

[Event "XXXIV Memorial Edoardo Crespi Magistrale"]
[Site "Milano ITA"]
[Date "2013.12.01"]
[Round "2"]
[White "Tonndorf, Matthias"]
[Black "Arnaudov, G. Petar"]
[WhiteElo "2219"]
[BlackElo "2448"]
[Result "0-1"]
[PlyCount "70"]
[EventDate "2013.11.30"]

1. e4 e5 2. Nf3 Nc6 3. Bc4 Bc5 4. c3 Nf6 5. d3 O-O 6. O-O d5 7. exd5 Nxd5 8. b4
Be7 9. Re1 Bg4 10. h3 Bh5 11. g4 Bg6 12. b5 Na5 13. Bxd5 Qxd5 14. Rxe5 Qd7 15.
Rxe7 Qxe7 16. Ba3 Qd7 17. Bxf8 Rxf8 18. Nd4 a6 19. a4 c5 20. bxc6 bxc6 21. Nf3
Nc4 22. d4 f5 23. Nh4 fxg4 24. Nxg6 hxg6 25. Qxg4 Qf7 26. Qg3 Qf5 27. a5 Qc2
28. Kg2 Qe4+ 29. Kh2 Rf3 30. Qg2 Qf4+ 31. Kg1 Kh7 32. Ra4 Ne3 33. Qh2 Qg5+ 34.
Kh1 Qf5 35. Nd2 Rxf2 0-1

[Event "XXXIV Memorial Edoardo Crespi Magistrale"]
[Site "Milano ITA"]
[Date "2013.12.01"]
[Round "2"]
[White "Tramalloni, Luca"]
[Black "Iudicello, Giovanni"]
[WhiteElo "2067"]
[BlackElo "2134"]
[Result "0-1"]
[PlyCount "48"]
[EventDate "2013.11.30"]

1. d4 Nf6 2. Bg5 c5 3. d5 Ne4 4. Bf4 Qb6 5. Bc1 g6 6. f3 Nd6 7. e4 Bg7 8. Nd2
O-O 9. c3 f5 10. Bc4 Nxc4 11. Nxc4 Qf6 12. Qe2 d6 13. exf5 Bxf5 14. Bd2 Na6 15.
Ne3 Nc7 16. Rd1 Rae8 17. Qf2 e6 18. dxe6 Qxe6 19. Ne2 Bd3 20. Bc1 Bxe2 21. Qxe2
d5 22. O-O d4 23. cxd4 cxd4 24. Qc4 dxe3 0-1

[Event "XXXIV Memorial Edoardo Crespi Magistrale"]
[Site "Milano ITA"]
[Date "2013.12.02"]
[Round "3"]
[White "Aleksic, Nenad"]
[Black "Martinez, Rolly"]
[WhiteElo "2351"]
[BlackElo "2422"]
[Result "1/2-1/2"]
[PlyCount "32"]
[EventDate "2013.11.30"]

1. e4 g6 2. d4 Bg7 3. Nf3 d6 4. c3 Nd7 5. Bc4 e6 6. O-O Ne7 7. Bb3 O-O 8. Re1
b6 9. Bf4 Bb7 10. Nbd2 h6 11. h3 g5 12. Bg3 Ng6 13. Qe2 Qe7 14. Rad1 Rad8 15.
Bc2 e5 16. d5 Nf4 1/2-1/2

[Event "XXXIV Memorial Edoardo Crespi Magistrale"]
[Site "Milano ITA"]
[Date "2013.12.02"]
[Round "3"]
[White "Arnaudov, G. Petar"]
[Black "Rusev, Krasimir"]
[WhiteElo "2448"]
[BlackElo "2539"]
[Result "1/2-1/2"]
[PlyCount "40"]
[EventDate "2013.11.30"]

1. d4 Nf6 2. c4 g6 3. Nc3 Bg7 4. e4 d6 5. f4 O-O 6. Nf3 c5 7. d5 e6 8. Be2 exd5
9. cxd5 Re8 10. Nd2 Na6 11. O-O Nc7 12. a4 a6 13. Bf3 Rb8 14. Re1 b5 15. axb5
axb5 16. Nb3 Bb7 17. Na5 Ba8 18. Nc6 Bxc6 19. dxc6 b4 20. Nd5 Nb5 1/2-1/2

[Event "XXXIV Memorial Edoardo Crespi Magistrale"]
[Site "Milano ITA"]
[Date "2013.12.02"]
[Round "3"]
[White "Bonazzi, Edoardo"]
[Black "Lavorgna, Giovanni"]
[WhiteElo "2099"]
[BlackElo "1995"]
[Result "1-0"]
[PlyCount "49"]
[EventDate "2013.11.30"]

1. c4 Nf6 2. g3 g6 3. Bg2 Bg7 4. Nc3 O-O 5. Nf3 c6 6. O-O d5 7. cxd5 cxd5 8. d4
Nc6 9. Ne5 Be6 10. Nxc6 bxc6 11. Na4 Nd7 12. Bf4 Qc8 13. Rc1 Nb6 14. Nc5 Bh3
15. Bxh3 Qxh3 16. Qd3 Rfe8 17. b3 e5 18. Bxe5 Bxe5 19. dxe5 Rxe5 20. Qf3 Rae8
21. Nd3 Rxe2 22. Rxc6 Qd7 23. Rfc1 Nc4 24. Rc5 Ne5 25. Qxe2 1-0

[Event "XXXIV Memorial Edoardo Crespi Magistrale"]
[Site "Milano ITA"]
[Date "2013.12.02"]
[Round "3"]
[White "Calella, Sergio"]
[Black "Ricci, Marco"]
[WhiteElo "2029"]
[BlackElo "2068"]
[Result "0-1"]
[PlyCount "60"]
[EventDate "2013.11.30"]

1. e4 e5 2. Nf3 Nc6 3. d4 exd4 4. Bc4 Nf6 5. O-O Nxe4 6. Re1 d5 7. Bxd5 Qxd5 8.
Nc3 Qa5 9. Nxe4 Be6 10. Neg5 O-O-O 11. Nxe6 fxe6 12. Rxe6 Bd6 13. Bg5 Rde8 14.
Qe1 Qxe1+ 15. Raxe1 Kd7 16. Rxe8 Rxe8 17. Rxe8 Kxe8 18. Kf1 Kd7 19. Ke2 Ke6 20.
Kd3 Kd5 21. c3 dxc3 22. Kxc3 Ne5 23. Nxe5 Bxe5+ 24. Kc2 Bxh2 25. g3 Ke4 26. Kd2
Kf3 27. Be3 a6 28. Bd4 g5 29. Ke1 h5 30. Bf6 Bg1 0-1

[Event "XXXIV Memorial Edoardo Crespi Magistrale"]
[Site "Milano ITA"]
[Date "2013.12.02"]
[Round "3"]
[White "D'Alfonso, Nicola"]
[Black "Sardo, Gabriele"]
[WhiteElo "2032"]
[BlackElo "2198"]
[Result "0-1"]
[PlyCount "76"]
[EventDate "2013.11.30"]

1. d4 Nf6 2. c4 e6 3. Nc3 Bb4 4. a3 Bxc3+ 5. bxc3 d6 6. Qc2 e5 7. Bg5 h6 8. Bh4
Nbd7 9. e4 Nf8 10. f3 Ng6 11. Bf2 Qe7 12. d5 b6 13. g3 O-O 14. h4 Nh7 15. h5
Nh8 16. g4 f6 17. Be3 Nf7 18. Be2 Nd8 19. Nh3 Nb7 20. Nf2 Na5 21. O-O Ba6 22.
c5 Bxe2 23. cxd6 cxd6 24. Qxe2 Rfc8 25. Nd3 Rxc3 26. Bd2 Rc2 27. Qd1 Rac8 28.
Bxa5 bxa5 29. Rf2 R2c3 30. Rd2 Ng5 31. Kg2 Qc7 32. Ne1 Rb8 33. Raa2 Rbb3 34.
Rdc2 a4 35. Rxc3 Qxc3 36. Rc2 Qe3 37. Rf2 Nh3 38. Qc2 Qxf2+ 0-1

[Event "XXXIV Memorial Edoardo Crespi Magistrale"]
[Site "Milano ITA"]
[Date "2013.12.02"]
[Round "3"]
[White "Di Chiara, Mauro"]
[Black "Tonndorf, Matthias"]
[WhiteElo "2007"]
[BlackElo "2219"]
[Result "0-1"]
[PlyCount "90"]
[EventDate "2013.11.30"]

1. g3 e5 2. Bg2 d5 3. d3 Nc6 4. Nf3 Nf6 5. O-O h6 6. c4 d4 7. e3 Be7 8. exd4
exd4 9. a3 a5 10. b3 Bf5 11. Bb2 O-O 12. Qc2 Qd6 13. Nbd2 Nd7 14. Ne4 Bxe4 15.
dxe4 d3 16. Qc3 Bf6 17. e5 Ncxe5 18. Nxe5 Bxe5 19. Qd2 Bxb2 20. Qxb2 c6 21.
Rfd1 Rfd8 22. Qc3 Nc5 23. b4 axb4 24. axb4 Rxa1 25. Rxa1 d2 26. Rd1 Na6 27. b5
cxb5 28. cxb5 Nc5 29. Rxd2 Qxd2 30. Qxc5 Qd1+ 31. Bf1 Qd6 32. Qa7 b6 33. Bc4
Rd7 34. Qa8+ Kh7 35. Qe4+ g6 36. Kg2 Qc5 37. Qc6 Qxc6+ 38. bxc6 Rc7 39. Bb5 Kg7
40. Kf3 Kf6 41. Ke4 Ke6 42. h4 Kd6 43. g4 Kc5 44. Ba4 Re7+ 45. Kf4 b5 0-1

[Event "XXXIV Memorial Edoardo Crespi Magistrale"]
[Site "Milano ITA"]
[Date "2013.12.02"]
[Round "3"]
[White "Formento, Paolo"]
[Black "Brociner, Beniamino"]
[WhiteElo "2175"]
[BlackElo "2072"]
[Result "1/2-1/2"]
[PlyCount "92"]
[EventDate "2013.11.30"]

1. Nf3 Nf6 2. c4 d6 3. g3 e5 4. d3 Be7 5. Bg2 O-O 6. O-O c6 7. Nc3 Re8 8. Rb1
a5 9. a3 h6 10. b4 axb4 11. axb4 Be6 12. Qc2 Nbd7 13. Nd2 d5 14. e4 dxc4 15.
Nxc4 Nh7 16. Be3 f6 17. f4 b5 18. Na5 Bc5 19. Bxc5 Nxc5 20. Nxc6 Qb6 21. Qf2
Qxc6 22. Qxc5 Qd7 23. f5 Bf7 24. Nd5 Rac8 25. Nb6 Rxc5 26. Nxd7 Rc3 27. Nc5 Ra8
28. Ra1 Rca3 29. Rxa3 Rxa3 30. Rc1 Kf8 31. h4 Ke7 32. Bf1 Nf8 33. Kf2 Ra2+ 34.
Ke3 Rb2 35. Ra1 Rxb4 36. Ra7+ Ke8 37. Na6 Rb1 38. Nc7+ Kd8 39. Bg2 b4 40. Nb5
Nd7 41. Nd6 Bb3 42. Nc4 Bxc4 43. dxc4 b3 44. Rb7 Nc5 45. Rb5 b2 46. g4 Kd7
1/2-1/2

[Event "XXXIV Memorial Edoardo Crespi Magistrale"]
[Site "Milano ITA"]
[Date "2013.12.02"]
[Round "3"]
[White "Gagliardi, Christian"]
[Black "Pelizzola, Danilo"]
[WhiteElo "2216"]
[BlackElo "2117"]
[Result "1-0"]
[PlyCount "101"]
[EventDate "2013.11.30"]

1. e4 e5 2. Nf3 Nc6 3. Bc4 Bc5 4. c3 Nf6 5. d3 d6 6. Bb3 Qe7 7. h3 Be6 8. Nbd2
O-O 9. Nf1 d5 10. Qe2 Rae8 11. Ng3 Kh8 12. Bg5 Qd7 13. Bxf6 gxf6 14. Nh4 d4 15.
c4 Bb4+ 16. Kf1 Rg8 17. Ba4 Rg5 18. a3 Be7 19. Ngf5 Reg8 20. g4 Bd8 21. Nf3
R5g6 22. Nd2 Be7 23. f3 Bf8 24. Nb3 Qc8 25. Bxc6 bxc6 26. Qd2 Qb7 27. Na5 Qa6
28. b4 Bxf5 29. exf5 Bh6 30. Qe2 R6g7 31. Qe4 c5 32. Qc6 Qb6 33. Rb1 Rb8 34.
Ke2 cxb4 35. Rxb4 Qxa5 36. Rxb8+ Rg8 37. Qxf6+ Bg7 38. Rxg8+ Kxg8 39. Qd8+ Bf8
40. Qg5+ Kh8 41. Rb1 Qxa3 42. Rb8 e4 43. fxe4 Qd6 44. Kf3 f6 45. Qh6 Kg8 46. g5
c6 47. Rxf8+ Qxf8 48. Qxf8+ Kxf8 49. gxf6 Kf7 50. e5 c5 51. Ke4 1-0

[Event "XXXIV Memorial Edoardo Crespi Magistrale"]
[Site "Milano ITA"]
[Date "2013.12.02"]
[Round "3"]
[White "Loehnhardt, Benjamin"]
[Black "Astengo, Corrado"]
[WhiteElo "2029"]
[BlackElo "2083"]
[Result "1/2-1/2"]
[PlyCount "40"]
[EventDate "2013.11.30"]

1. d4 d5 2. c4 c6 3. Nf3 e6 4. Qc2 Nf6 5. Bf4 Be7 6. e3 Nbd7 7. Nc3 O-O 8. Rc1
b6 9. cxd5 cxd5 10. Bd3 Bb7 11. O-O a6 12. Na4 Rc8 13. Qb1 b5 14. Rxc8 Bxc8 15.
Nc3 Bb7 16. Rc1 Qa8 17. Ne2 Rc8 18. h3 h6 19. Bg3 Rxc1+ 20. Qxc1 Qc8 1/2-1/2

[Event "XXXIV Memorial Edoardo Crespi Magistrale"]
[Site "Milano ITA"]
[Date "2013.12.02"]
[Round "3"]
[White "Nicolo', Filippo"]
[Black "Gori, Andrea"]
[WhiteElo "2071"]
[BlackElo "2065"]
[Result "0-1"]
[PlyCount "128"]
[EventDate "2013.11.30"]

1. e4 e5 2. Bc4 Bc5 3. Nf3 Nc6 4. c3 Nf6 5. d3 h6 6. Bb3 d6 7. h3 O-O 8. Nbd2
b5 9. g4 Be6 10. g5 hxg5 11. Nxg5 Qe7 12. Nf1 Nb8 13. Ng3 Nbd7 14. Rg1 c6 15.
Nxe6 fxe6 16. Nf5 Bxf2+ 17. Kxf2 Nxe4+ 18. dxe4 Qh4+ 19. Ke2 Qxe4+ 20. Ne3 Qf3+
21. Kd2 Qf2+ 22. Qe2 Qxg1 23. Bxe6+ Rf7 24. Qg2 Qxg2+ 25. Nxg2 Nc5 26. Bxf7+
Kxf7 27. b3 Rh8 28. h4 g5 29. Ba3 Ne4+ 30. Kd3 d5 31. Rf1+ Ke8 32. hxg5 Rh3+
33. Kc2 Rxc3+ 34. Kb2 Rg3 35. Ne1 Rxg5 36. Bb4 c5 37. Ba5 Ke7 38. a3 c4 39.
Bb4+ Ke6 40. bxc4 bxc4 41. Rh1 Rf5 42. Rh6+ Nf6 43. Kc3 Rf1 44. Kd2 d4 45. Ke2
Rf5 46. Nf3 Kd5 47. Nd2 c3 48. Nb3 e4 49. Nc1 Kc4 50. Rh4 Re5 51. Rh8 d3+ 52.
Kd1 c2+ 53. Ke1 Re8 54. Rxe8 Nxe8 55. Kd2 Nc7 56. Bf8 Nd5 57. Bh6 a5 58. Bg5 a4
59. Bh6 Ne7 60. Na2 Nf5 61. Bf4 Kb3 62. Nc3 e3+ 63. Bxe3 Nxe3 64. Kc1 Nc4 0-1

[Event "XXXIV Memorial Edoardo Crespi Magistrale"]
[Site "Milano ITA"]
[Date "2013.12.02"]
[Round "3"]
[White "Pavlidis, Anastasios"]
[Black "Rettore, Ludwig"]
[WhiteElo "2342"]
[BlackElo "2139"]
[Result "1-0"]
[PlyCount "79"]
[EventDate "2013.11.30"]

1. Nf3 d5 2. d4 c6 3. c4 e6 4. e3 f5 5. Bd3 Nf6 6. O-O Be7 7. b3 O-O 8. Ba3
Bxa3 9. Nxa3 Nbd7 10. cxd5 exd5 11. Bxf5 Qe7 12. Nc2 Ne4 13. Bxd7 Bxd7 14. Ne5
Rf6 15. f3 Raf8 16. Qe2 Nd6 17. Ne1 Rh6 18. N1d3 Qh4 19. g3 Qe7 20. Nxd7 Qxd7
21. Ne5 Qe6 22. Rae1 Nf5 23. Qd2 Rh3 24. Qg2 Rh6 25. Qf2 Nd6 26. Qd2 Qh3 27.
Rf2 Rhf6 28. Ref1 h5 29. Qa5 a6 30. Qe1 Rf5 31. Ng6 R8f7 32. Nf4 Rxf4 33. exf4
Rf6 34. Re2 Rg6 35. Rff2 Qf5 36. Rg2 Nb5 37. Re5 Qd3 38. Rxh5 Qxd4+ 39. Kh1 Re6
40. Qxe6+ 1-0

[Event "XXXIV Memorial Edoardo Crespi Magistrale"]
[Site "Milano ITA"]
[Date "2013.12.02"]
[Round "3"]
[White "Roeder, Matthias"]
[Black "Naumkin, Igor"]
[WhiteElo "2419"]
[BlackElo "2460"]
[Result "1/2-1/2"]
[PlyCount "27"]
[EventDate "2013.11.30"]

1. Nf3 Nf6 2. c4 e6 3. g3 d5 4. Bg2 Be7 5. O-O O-O 6. d4 dxc4 7. Qa4 a6 8. Qxc4
b5 9. Qc2 Bb7 10. Bd2 Be4 11. Qb3 Bd5 12. Qc2 Be4 13. Qb3 Bd5 14. Qc2 1/2-1/2

[Event "XXXIV Memorial Edoardo Crespi Magistrale"]
[Site "Milano ITA"]
[Date "2013.12.02"]
[Round "3"]
[White "Sanchez, Joseph"]
[Black "Bemporad, Filippo"]
[WhiteElo "2529"]
[BlackElo "2026"]
[Result "1-0"]
[PlyCount "39"]
[EventDate "2013.11.30"]

1. e4 c5 2. Nf3 d6 3. d4 cxd4 4. Nxd4 Nf6 5. Nc3 e6 6. g4 h6 7. Rg1 Be7 8. Be3
a6 9. h4 Nh7 10. g5 hxg5 11. hxg5 Nxg5 12. Qd2 Nh7 13. Rxg7 Bd7 14. O-O-O Nc6
15. Be2 Bf8 16. Rxf7 Nf6 17. Rxf8+ Rxf8 18. Bg5 Qe7 19. Nxc6 Bxc6 20. Bh5+ 1-0

[Event "XXXIV Memorial Edoardo Crespi Magistrale"]
[Site "Milano ITA"]
[Date "2013.12.02"]
[Round "3"]
[White "Vezzosi, Paolo"]
[Black "Iudicello, Giovanni"]
[WhiteElo "2263"]
[BlackElo "2134"]
[Result "1-0"]
[PlyCount "58"]
[EventDate "2013.11.30"]

1. d4 Nf6 2. Bf4 g6 3. e3 Bg7 4. Nf3 d6 5. Be2 O-O 6. O-O Nbd7 7. c4 Qe8 8. Nc3
c6 9. h3 e5 10. Bh2 Qe7 11. b4 a6 12. Qb3 e4 13. Nd2 Re8 14. a4 h5 15. c5 d5
16. Bd6 Qe6 17. b5 Bf8 18. bxc6 bxc6 19. Bf4 a5 20. Rab1 Be7 21. f3 exf3 22.
Nxf3 Nh7 23. e4 Bd8 24. exd5 cxd5 25. Bb5 Nhf6 26. Ng5 Qe7 27. Nxd5 Nxd5 28.
Qxd5 Ra7 29. Rbe1 Qxe1 1-0

[Event "XXXIV Memorial Edoardo Crespi Magistrale"]
[Site "Milano ITA"]
[Date "2013.12.03"]
[Round "4"]
[White "Astengo, Corrado"]
[Black "Quaranta, Cristiano"]
[WhiteElo "2083"]
[BlackElo "2169"]
[Result "1/2-1/2"]
[PlyCount "28"]
[EventDate "2013.11.30"]

1. e4 c5 2. Nf3 d6 3. d4 cxd4 4. Nxd4 Nf6 5. Nc3 a6 6. Bg5 e6 7. f4 h6 8. Bh4
Be7 9. Qf3 Nbd7 10. O-O-O Qc7 11. Bd3 g5 12. fxg5 Ne5 13. Qe2 Nfg4 14. Nf3 Nxf3
1/2-1/2

[Event "XXXIV Memorial Edoardo Crespi Magistrale"]
[Site "Milano ITA"]
[Date "2013.12.03"]
[Round "4"]
[White "Bejtovic, Jasmin"]
[Black "Vezzosi, Paolo"]
[WhiteElo "2394"]
[BlackElo "2263"]
[Result "1-0"]
[PlyCount "135"]
[EventDate "2013.11.30"]

1. c4 e5 2. g3 Nc6 3. Nc3 g6 4. Bg2 Bg7 5. e4 d6 6. Nge2 Be6 7. d3 Qd7 8. Nd5
Nce7 9. d4 c6 10. Ne3 Nf6 11. O-O Bh3 12. f3 Bxg2 13. Kxg2 O-O 14. d5 c5 15. a3
Nh5 16. Nc3 f5 17. Nc2 Kh8 18. Ne1 Ng8 19. Nd3 Rf7 20. Qe2 Nhf6 21. b4 b6 22.
Bd2 fxe4 23. fxe4 Bh6 24. bxc5 bxc5 25. Rab1 Raf8 26. h3 Bxd2 27. Qxd2 Ne7 28.
a4 Kg7 29. a5 Nc8 30. Qe2 Qd8 31. a6 Qa5 32. Nb5 Qa4 33. Rfc1 Qxa6 34. Ra1 Qb6
35. Rcb1 Qd8 36. Ra6 Nh5 37. Qg4 Rf3 38. Qxf3 Rxf3 39. Kxf3 Qf6+ 40. Kg2 Qg5
41. g4 Qd2+ 42. Nf2 Nf4+ 43. Kg1 Qe3 44. Ra3 Nxh3+ 45. Kg2 Qxf2+ 46. Kxh3 Qc2
47. Re1 Qxc4 48. Nc7 g5 49. Rf3 Ne7 50. Ne8+ Kh6 51. Rh1 Ng8 52. Nxd6 Qe2 53.
Kg3+ Kg6 54. Nf5 Qxe4 55. d6 Qb7 56. Re1 e4 57. Rf2 Qd5 58. Kh3 e3 59. Rxe3
Qh1+ 60. Rh2 Qf1+ 61. Rg2 h5 62. Ne7+ Kf7 63. Nxg8 hxg4+ 64. Kh2 Qf4+ 65. Rgg3
Qf2+ 66. Kh1 Kxg8 67. d7 Qf1+ 68. Rg1 1-0

[Event "XXXIV Memorial Edoardo Crespi Magistrale"]
[Site "Milano ITA"]
[Date "2013.12.03"]
[Round "4"]
[White "Bemporad, Filippo"]
[Black "Bonazzi, Edoardo"]
[WhiteElo "2026"]
[BlackElo "2099"]
[Result "1/2-1/2"]
[PlyCount "60"]
[EventDate "2013.11.30"]

1. d4 Nf6 2. Nf3 c5 3. c4 cxd4 4. Nxd4 Nc6 5. Nc3 g6 6. e4 d6 7. Be2 Bg7 8. Be3
O-O 9. O-O Bd7 10. Rc1 Nxd4 11. Bxd4 Bc6 12. f3 a5 13. Qd2 Nd7 14. Be3 Nc5 15.
Rfd1 a4 16. Kh1 Qa5 17. Nd5 Bxd5 18. cxd5 Rfc8 19. Qxa5 Rxa5 20. Rc2 Rb8 21.
Rdc1 b6 22. Kg1 b5 23. b4 axb3 24. axb3 b4 25. Kf1 Bc3 26. Bc4 h5 27. Ke2 Kf8
28. Bxc5 Rxc5 29. Ra2 Rcc8 30. Kd3 Bf6 1/2-1/2

[Event "XXXIV Memorial Edoardo Crespi Magistrale"]
[Site "Milano ITA"]
[Date "2013.12.03"]
[Round "4"]
[White "D'Alfonso, Nicola"]
[Black "Battistella, Stefano"]
[WhiteElo "2032"]
[BlackElo "2080"]
[Result "1-0"]
[PlyCount "89"]
[EventDate "2013.11.30"]

1. d4 Nf6 2. c4 e6 3. Nc3 Bb4 4. a3 Bxc3+ 5. bxc3 b6 6. f3 d6 7. e4 O-O 8. Bd3
Nc6 9. f4 e5 10. Nf3 exd4 11. cxd4 Nxe4 12. Bxe4 Re8 13. Ne5 Bb7 14. O-O dxe5
15. fxe5 Qd7 16. Bb2 Na5 17. Bd3 b5 18. cxb5 Qd5 19. Qc2 Nb3 20. Bc4 Nxa1 21.
Bxa1 Qd8 22. Bxf7+ Kh8 23. d5 Bxd5 24. Rd1 c6 25. bxc6 Qb6+ 26. Bd4 Qxc6 27.
Qxc6 Bxc6 28. Bxe8 Rxe8 29. Rc1 Bd5 30. Rc7 Kg8 31. Rxa7 Rc8 32. Rd7 Rc1+ 33.
Kf2 Rc2+ 34. Ke3 Be6 35. Re7 Bd5 36. g3 Kf8 37. Kd3 Rc6 38. Rd7 Bc4+ 39. Ke4
Bf1 40. a4 h6 41. a5 Be2 42. Rd6 Rxd6 43. exd6 Ba6 44. Kd5 Bb7+ 45. Ke6 1-0

[Event "XXXIV Memorial Edoardo Crespi Magistrale"]
[Site "Milano ITA"]
[Date "2013.12.03"]
[Round "4"]
[White "De Verdier, Michael"]
[Black "Gagliardi, Christian"]
[WhiteElo "2371"]
[BlackElo "2216"]
[Result "1-0"]
[PlyCount "67"]
[EventDate "2013.11.30"]

1. c4 e5 2. Nc3 Nf6 3. Nf3 Nc6 4. g3 d5 5. cxd5 Nxd5 6. Bg2 Nb6 7. O-O Be7 8.
d3 O-O 9. Be3 Re8 10. a4 a5 11. Rc1 Bf8 12. Nb5 Nd5 13. Bc5 Ncb4 14. Bxf8 Kxf8
15. e4 c6 16. exd5 cxb5 17. Re1 f6 18. axb5 Bg4 19. Qb3 Qd7 20. Nd2 Qxb5 21.
Nc4 Red8 22. Be4 a4 23. Qa3 Kg8 24. Ne3 Bd7 25. Rc4 Na6 26. Rec1 Qb6 27. Qe7
Be8 28. Rc7 Nxc7 29. Rxc7 Rd7 30. Rxd7 Bxd7 31. Qxd7 Rd8 32. Qe7 Qd6 33. Qxb7
g6 34. Qc6 1-0

[Event "XXXIV Memorial Edoardo Crespi Magistrale"]
[Site "Milano ITA"]
[Date "2013.12.03"]
[Round "4"]
[White "Gori, Andrea"]
[Black "Formento, Paolo"]
[WhiteElo "2065"]
[BlackElo "2175"]
[Result "0-1"]
[PlyCount "60"]
[EventDate "2013.11.30"]

1. e4 e6 2. d4 d5 3. e5 c5 4. c3 Nc6 5. Nf3 Nh6 6. a3 f6 7. Bxh6 gxh6 8. exf6
Qxf6 9. b4 c4 10. b5 Ne7 11. Ne5 Ng6 12. Qh5 Bd6 13. Nf3 Qg7 14. g3 O-O 15. Bh3
Bd7 16. Ra2 Rae8 17. Re2 Re7 18. a4 Kh8 19. Ne5 Be8 20. Qg4 Rf5 21. f4 Bxe5 22.
dxe5 h5 23. Qf3 Nxe5 24. Qe3 Nd3+ 25. Kd2 Rff7 26. Qd4 e5 27. Qxa7 exf4 28.
Rxe7 Rxe7 29. Qd4 Ne5 30. gxf4 Nf3+ 0-1

[Event "XXXIV Memorial Edoardo Crespi Magistrale"]
[Site "Milano ITA"]
[Date "2013.12.03"]
[Round "4"]
[White "Iudicello, Giovanni"]
[Black "Loehnhardt, Benjamin"]
[WhiteElo "2134"]
[BlackElo "2029"]
[Result "1/2-1/2"]
[PlyCount "66"]
[EventDate "2013.11.30"]

1. Nf3 Nf6 2. g3 d5 3. Bg2 e6 4. d3 Be7 5. O-O b6 6. Nbd2 Bb7 7. e4 dxe4 8. Ng5
Nbd7 9. Ngxe4 Qc8 10. Qe2 O-O 11. Re1 Nc5 12. d4 Ncxe4 13. Nxe4 Nxe4 14. Bxe4
Bxe4 15. Qxe4 Bf6 16. c3 Qd7 17. Bf4 Rfd8 18. a4 c6 19. Be5 Bxe5 20. Qxe5 Rac8
21. h4 Qd5 22. a5 b5 23. b4 Rd7 24. Re3 Re8 25. Rae1 Qxe5 26. Rxe5 Rd5 27. R5e4
Red8 28. f4 g6 29. Kf2 a6 30. Re5 h5 31. Kf3 Kg7 32. R1e4 Kf8 33. Ke2 Ke7
1/2-1/2

[Event "XXXIV Memorial Edoardo Crespi Magistrale"]
[Site "Milano ITA"]
[Date "2013.12.03"]
[Round "4"]
[White "Lavorgna, Giovanni"]
[Black "Nicolo', Filippo"]
[WhiteElo "1995"]
[BlackElo "2071"]
[Result "0-1"]
[PlyCount "82"]
[EventDate "2013.11.30"]

1. e4 e5 2. Nf3 Nc6 3. Bb5 Nd4 4. Nxd4 exd4 5. d3 Bc5 6. O-O c6 7. Bc4 d5 8.
exd5 cxd5 9. Bb5+ Bd7 10. Bxd7+ Qxd7 11. Bf4 Ne7 12. Nd2 O-O 13. Nb3 Bb6 14.
Re1 Ng6 15. Bd2 f5 16. Bb4 Rf7 17. Bc5 f4 18. f3 Bxc5 19. Nxc5 Qf5 20. Nb3 Qf6
21. c3 dxc3 22. bxc3 Qxc3 23. Rc1 Qf6 24. Rc5 Qg5 25. Qd2 Nh4 26. Qf2 Rf6 27.
Rec1 h6 28. Rc8+ Rxc8 29. Rxc8+ Kh7 30. Nd4 Rg6 31. Kh1 Nxg2 32. Rc1 Ne3 33.
Ne2 Qf5 34. Rg1 Rxg1+ 35. Qxg1 g5 36. d4 Qc2 37. Qf2 Qd1+ 38. Ng1 Qxd4 39. h4
Kg6 40. Nh3 Qd1+ 41. Ng1 Qc2 0-1

[Event "XXXIV Memorial Edoardo Crespi Magistrale"]
[Site "Milano ITA"]
[Date "2013.12.03"]
[Round "4"]
[White "Motola, Jacopo"]
[Black "Aleksic, Nenad"]
[WhiteElo "2073"]
[BlackElo "2351"]
[Result "1/2-1/2"]
[PlyCount "44"]
[EventDate "2013.11.30"]

1. e4 c5 2. Nf3 d6 3. d4 cxd4 4. Qxd4 a6 5. Be3 Nf6 6. Nc3 Nbd7 7. a4 e6 8. Be2
Be7 9. O-O O-O 10. Bg5 Qc7 11. a5 Ne5 12. Nxe5 dxe5 13. Qc4 Qxc4 14. Bxc4 Bd7
15. Bd3 Bc6 16. Be3 Rac8 17. f3 Nd7 18. Na4 Bxa4 19. Rxa4 Nc5 20. Bxc5 Bxc5+
21. Kh1 Rfd8 22. Rc4 Rd4 1/2-1/2

[Event "XXXIV Memorial Edoardo Crespi Magistrale"]
[Site "Milano ITA"]
[Date "2013.12.03"]
[Round "4"]
[White "Naumkin, Igor"]
[Black "Arnaudov, G. Petar"]
[WhiteElo "2460"]
[BlackElo "2448"]
[Result "1/2-1/2"]
[PlyCount "31"]
[EventDate "2013.11.30"]

1. d4 Nf6 2. c4 e6 3. Nf3 d5 4. Nc3 c5 5. cxd5 Nxd5 6. e4 Nxc3 7. bxc3 cxd4 8.
cxd4 Bb4+ 9. Bd2 Bxd2+ 10. Qxd2 O-O 11. Bc4 Nd7 12. O-O b6 13. Rad1 Bb7 14.
Rfe1 Rc8 15. Bd3 Qe7 16. h3 1/2-1/2

[Event "XXXIV Memorial Edoardo Crespi Magistrale"]
[Site "Milano ITA"]
[Date "2013.12.03"]
[Round "4"]
[White "Pelizzola, Danilo"]
[Black "Di Chiara, Mauro"]
[WhiteElo "2117"]
[BlackElo "2007"]
[Result "1-0"]
[PlyCount "139"]
[EventDate "2013.11.30"]

1. e4 c5 2. Nf3 Nc6 3. d4 cxd4 4. Nxd4 Nf6 5. Nc3 e5 6. Ndb5 d6 7. Nd5 Nxd5 8.
exd5 Nb8 9. c4 a6 10. Nc3 Be7 11. Be2 O-O 12. O-O f5 13. f4 e4 14. Be3 Nd7 15.
g4 fxg4 16. Nxe4 Nf6 17. Ng5 Qe8 18. f5 g6 19. Ne6 Bxe6 20. fxe6 Rc8 21. Bh6
Qd8 22. Qd4 Qc7 23. Rac1 Qc5 24. Qxc5 dxc5 25. Rf2 Ne4 26. Rxf8+ Bxf8 27. Bxf8
Rxf8 28. Bxg4 Nd6 29. b3 Kg7 30. Re1 Rf4 31. Bh3 Re4 32. Kf2 Rxe1 33. Kxe1 Kf6
34. Kd2 h5 35. Kd3 g5 36. Ke3 Ke5 37. Bf1 a5 38. Bd3 Kf6 39. Kf3 b6 40. Kg3 Ne8
41. Be2 Ng7 42. Kf3 Ne8 43. Ke3 Ng7 44. Ke4 g4 45. Kf4 Nf5 46. Bd3 Nd6 47. Bh7
a4 48. Bd3 axb3 49. axb3 Nc8 50. Bf5 Nd6 51. Bh7 b5 52. Bd3 bxc4 53. bxc4 Nc8
54. Bc2 Nd6 55. Bb3 Nf5 56. Ba4 Nd6 57. Bb5 Nf5 58. Be8 Nd6 59. Bxh5 Nxc4 60.
Bxg4 Nb6 61. d6 c4 62. d7 Ke7 63. Ke3 Nd5+ 64. Kd2 c3+ 65. Kc1 Ne3 66. Bf3 Nf5
67. h4 Nd4 68. Bg4 Nc6 69. h5 Ne5 70. Bf5 1-0

[Event "XXXIV Memorial Edoardo Crespi Magistrale"]
[Site "Milano ITA"]
[Date "2013.12.03"]
[Round "4"]
[White "Rettore, Ludwig"]
[Black "Ricci, Marco"]
[WhiteElo "2139"]
[BlackElo "2068"]
[Result "1-0"]
[PlyCount "81"]
[EventDate "2013.11.30"]

1. Nf3 Nf6 2. d4 g6 3. e3 Bg7 4. Bd3 d5 5. O-O O-O 6. Nbd2 b6 7. Qe2 Bb7 8. e4
dxe4 9. Nxe4 Nbd7 10. Bf4 Nh5 11. Bg5 h6 12. Be3 Ndf6 13. Nc3 e6 14. Rad1 a6
15. a4 Qd6 16. Ne5 Nd5 17. Nxd5 Qxd5 18. f3 Bxe5 19. dxe5 Qxe5 20. Bxh6 Qxe2
21. Bxe2 Rfd8 22. g4 Nf6 23. c4 Ne8 24. Bg5 f6 25. Be3 Kf7 26. c5 bxc5 27. Bxc5
Rd5 28. Rxd5 Bxd5 29. a5 c6 30. Kf2 Nc7 31. b4 Nb5 32. h4 Rh8 33. Kg3 Kg7 34.
f4 Kf7 35. Bd3 Rd8 36. Rd1 Bc4 37. Bxg6+ Kxg6 38. Rxd8 Nc3 39. h5+ Kg7 40. Rd7+
Kh6 41. Bf8# 1-0